000 00543nam a2200217Ia 4500
003 OSt
005 20220926042343.0
006 a|||||r|||| 00| 0
007 ta
008 220923b |||||||| |||| 00| 0 eng d
037 _cGeneral Book
040 _aRTL
_cRTL
_beng
041 _2eng
_aeng
082 _aX7.2.N5, K0 D&W
100 _aMisra B R
_9101032
245 0 _aIndian federal finance
260 _c1960
650 _aIndia
_964395
942 _hX7.2.N5, K0 D&W
_cGB
_2CC
999 _c669498
_d669498